La Criitique de la connaissance
Guardado en:
| Hovedforfatter: | |
|---|---|
| Format: | Bog |
| Sprog: | Undetermined |
| Udgivet: |
París, Francia
Gabriel Beauchesne
1929
|
| Fag: | |
| Tags: |
Tilføj Tag
Ingen Tags, Vær først til at tagge denne postø!
|
MARC
| LEADER | 00000nam a2200000Ia 4500 | ||
|---|---|---|---|
| 008 | 170316s9999 xx 000 0 und d | ||
| 090 | |a 100 T-10c | ||
| 100 | |a Tonquédec, Joseph de | ||
| 245 | |a La Criitique de la connaissance | ||
| 260 | |a París, Francia | ||
| 260 | |b Gabriel Beauchesne | ||
| 260 | |c 1929 | ||
| 300 | |a 565 páginas | ||
| 650 | |a FILOSOFÍA | ||
| 650 | |a EPISTEMOLOGÍA | ||
| 999 | |c 17735 |d 17735 | ||
| 040 | |a cru BVZT | ||
| 942 | |c 15 D |h 100 T-10c |2 z | ||
